北京市地图点选 Beijing Click Map - Statistics

General Stats
  • This quiz has been taken 64 times
    61 since last reset
  • The average score is 13 of 16
Answers on the Map
Answers color-coded by a green-red scale on the quiz's map according to % correct below.
 
Answer Stats
Answer % Correct
东城区
95%
西城区
95%
朝阳区
90%
海淀区
88%
丰台区
85%
大兴区
85%
密云区
83%
石景山区
80%
通州区
80%
延庆区
78%
门头沟区
76%
房山区
76%
顺义区
71%
怀柔区
71%
昌平区
68%
平谷区
68%
No matching quizzes found
Score Distribution
Percent of People with Each Score
Percentile by Number Answered
Your Score History
You have not taken this quiz since the last reset